000
00342 a2200157 4500
001
192958
020
_a
978-85-02-08217-5
040
_c
Magnum
100
_a
Albergaria, Lino de
240
1
0
_a
Miguel e o sexto ano
_l
ING
245
1
0
_a
Miguel e o sexto ano
300
_a
71
362
0
_a
2013
697
_a
LITERATURA JUVENIL
942
_c
BK
999
_c
192958
_d
192958